| 000 | 00354nam a22001457a 4500 | ||
|---|---|---|---|
| 003 | OSt | ||
| 005 | 20170105102929.0 | ||
| 008 | 131218b xxu||||| |||| 00| 0 eng d | ||
| 020 | _a9693507029 | ||
| 040 | _a1 | ||
| 082 |
_a954.91 _bSTU 1996 |
||
| 245 |
_aStudies in Pakistan Popular Culture _cWilliam L. Hanaway |
||
| 300 |
_a615 p: _b24cm |
||
| 942 |
_2ddc _cBK |
||
| 999 |
_c15961 _d15961 |
||